| 000 | 00346nam a2200133Ia 4500 | ||
|---|---|---|---|
| 008 | 190216s9999||||xx |||||||||||||| ||und|| | ||
| 100 | _aVerma A R 
 Srivastava O N | ||
| 245 | 0 | _aCrstallography Applied To Solid State Physics | |
| 250 | _a2ND ED | ||
| 260 |
_bWiley Eastern Ltd _c1991 |
||
| 300 | _a464 p | ||
| 650 | _aPhysics | ||
| 942 | _cBK | ||
| 999 |
_c33144 _d33144 |
||